000 00330 a2200109 4500
001 ART_2453
005 20260410161726.0
008 260409a
245 1 0 _aNuevos modelos de organización
100 1 _aDrucker, Peter Ferdinand
773 0 _tAdministración de empresas
_g- Año 5, Nº 60 (mar. 1975)
_wREV2036
999 _c17408
_d17408